000 00626nam a2200217Ia 4500
008 150520s9999 xx 000 0 und d
050 _aLB 1117
050 _b.C824 2015
100 _aCorrea, Katrina B.
245 _aDeterminants of Attitudes of college students towards students with special needs /
245 _cKatina B. Correa.
260 _aLas PiƱas, Philippines :
260 _bSISC,
260 _c2015.
300 _a60 pages :
300 _billustrations ;
300 _c28 cm.
500 _aIncludes bibliographical references and appendices.
650 _aCollege Students
650 _xAttitudes
999 _c284078
_d284078